000 00851nam a22002537a 4500
999 _c19661
_d19661
003 AR-CdUCM
008 190520b ||||| |||| 00| 0 spa d
040 _aMUNICIPALIDAD PROVINCIAL DEL CUSCO
_cBIBLIOTECA MUNICIPAL DEL CUSCO
041 _heng
082 _a036.086 /
_bF533
100 _aFisher, James
_941135
245 _a25.000 siglos de vida en el aire :
_bel secreto y el arte de volar /
260 _aBarcelona :
_bDaimon,
_c1959.
300 _a70 páginas ;
_bIlustraciones,
_c32 cm.
440 _aEnciclopedia juvenil del siglo XX
_n7
_941136
505 _aContenido: Enciclopedia juvenil.
650 _aEnciclopedia juvenil.
_941137
650 _aDiccionario
_95196
650 _aGeografía
_9318
650 _aLiteratura
_983
700 _aMascaró, Ernesto (traducción)
_941138
942 _2ddc
_cLIBROS
945 _adavv
_d2019-05-20